Top 5 Songs On Red & White (Lil Uzi Vert) - Statistics

General Stats
  • This quiz has been taken 11 times
  • The average score is 4 of 5
Answer Stats
Hint Answer % Correct
9,776,483 GLOCK IN MY PURSE
88%
41,550,768 FOR FUN
75%
13,515,454 I KNOW
75%
10,888,072 SPACE CADET
75%
11,698,960 F.F
63%
No matching quizzes found
Score Distribution
Percent of People with Each Score
Percentile by Number Answered
Your Score History
You have not taken this quiz